000 00545nam a2200169 a 4500
001 000029275
005 20200930055437.0
008 110414s2008 dr 000 0 spa d
040 _aDO-SdBNP
_bspa
_cBNPHU
082 _axxxx
_bR426d, 2008
110 1 _aRepública Dominicana .
_bDirección General de Impuestos Internos
_956165
245 1 0 _a200 preguntas frecuentes.
246 1 0 _aDos cientas preguntas frecuentes
260 _aSanto Domingo :
_bDirección General de Impuestos Internos,
_c2008.
300 _a37 p. ;
_c23 cm.
049 _aBNPD
999 _c28767
_d28767